Sports Quiz

Random Sports Quiz

Nexgen Ultimate Tour Quiz Stats

Quiz not verified by Sporcle

Challenge
Share
Tweet
Embed
Score 0/48 Timer 06:00
0 Plays Today
Year Player % Correct
2011Dylan Freechild
85.2%
2012Dylan Freechild
85.2%
2013Dylan Freechild
85.2%
2011Jimmy Mickle
77.8%
2012Jimmy Mickle
77.8%
2013Jimmy Mickle
77.8%
2012Tommy Li
70.4%
2012Jacob Janin
63%
2012Will Driscoll
63%
2013Jacob Janin
63%
2013Trent Dillon
63%
2013Will Driscoll
63%
2011Simon Montague
59.3%
2012Alex Thorne
59.3%
2012Camden Allison-Hall
59.3%
2013Simon Montague
59.3%
2013Camden Allison-Hall
59.3%
2011George Stubbs
55.6%
2011Nick Lance
55.6%
2011Eric Johnson
55.6%
2012Nick Lance
55.6%
2012Eric Johnson
55.6%
2011Colin Camp
51.9%
2012Colin Camp
51.9%
Year Player % Correct
2013Jay Clark
51.9%
2012Philipp Haas
48.1%
2013 - U23 replacementJustin Lim
48.1%
2012Tommy Lamar
44.4%
2012Chris Kocher
44.4%
2012Tyler DeGirolamo
44.4%
2013Chris Kocher
44.4%
2013Elliot Erickson
44.4%
2013Mitch Cihon
44.4%
2013Elijah Kerns
44.4%
2013Tim Morissy
40.7%
2013Aaron Neal
40.7%
2013 - U23 replacementJesse Bolton
40.7%
2013Aaron Hohn
33.3%
2013 - U23 replacementIan Campbell
33.3%
2011Alex Kapinos
29.6%
2011Nicky Spiva
29.6%
2012Matt Rehder
29.6%
2011Cody Bjorklund
25.9%
2011Matty Zemel
25.9%
2011Phil Murray
22.2%
2011Ollie Gordon
22.2%
2011Noah Saul
14.8%
2011Greg Arenson
11.1%

You're not logged in!

Compare scores with friends on all Sporcle quizzes.
Sign Up with Email
OR
Log In

You Might Also Like...

Show Comments

Extras

Top Quizzes Today


Score Distribution

Your Account Isn't Verified!

In order to create a playlist on Sporcle, you need to verify the email address you used during registration. Go to your Sporcle Settings to finish the process.